The Fall of the Bell System (Record no. 4410)

MARC details
000 -LEADER
fixed length control field 00342nam a22001337a 4500
008 - FIXED-LENGTH DATA ELEMENTS--GENERAL INFORMATION
fixed length control field 250801b |||||||| |||| 00| 0 eng d
020 ## - INTERNATIONAL STANDARD BOOK NUMBER
ISBN 052134557
100 ## - MAIN ENTRY--AUTHOR
Author TEMIN Peter
245 ## - TITLE STATEMENT
Title The Fall of the Bell System
260 ## - PUBLICATION, DISTRIBUTION, ETC. (IMPRINT)
Place of publication Melbourne
Name of publisher Cambridge University Press.
Date of publication 1987
300 ## - COLLATION
Pagination xviii, 318p.
942 ## - ADDED ENTRY ELEMENTS (KOHA)
Item type Books
050 ## - LIBRARY OF CONGRESS CALL NUMBER
Classification number HE8846
Item number .T36
Holdings
Source of classification or shelving scheme Not for loan Permanent location Current location Date acquired Accession No. Full call number Barcode. Koha item type
Library of Congress Classification   Samuel Ogbemudia Main Library, University of Abuja Samuel Ogbemudia Main Library, University of Abuja 08/01/2025 92/006530 HE8846.T36 2025-3189 Books